000 00569nam a2200193 a 4500
003 AM-YEHGA
005 20250617164511.0
008 150417s1962 ru r 000 0 rus d
040 _aAM-YeHGA
041 0 _arus
100 1 _aСорокин, Захар Артемович
245 0 0 _aДрузья-однополчане :
_bОчерки/
_cЗ. Сорокин.
260 _aМосква :
_bВоениздат,
_c1962.
300 _a116 с.
653 0 _aВоенные летчики - Очерки
942 _2udc
_cBK
001 1825086
090 _c532544
999 _c525337
_d525337